| 000 | 00803nam a2200241 i 4500 | ||
|---|---|---|---|
| 001 | 183044 | ||
| 003 | ES-MaACL | ||
| 005 | 20250930063156.0 | ||
| 008 | 140114s2011 sp |||| | spa d | ||
| 020 | _a978-84-9923-584-4 | ||
| 080 | _a821.134.2-31"19" | ||
| 100 | 1 |
_aVela, Fidel, _d1934- _9145468 |
|
| 245 | 1 | 3 |
_aEl ruta : _bSigüenza-Alcalá / _cFidel Vela. |
| 250 | _a1ª ed. | ||
| 260 |
_a[Madrid] : _bCultiva, _c2011. |
||
| 300 |
_a304 p. ; _c21 cm. |
||
| 490 | 1 |
_aColección Cultiva ; _v203 |
|
| 830 | 0 |
_aColección Cultiva ; _v203 _9191698 |
|
| 852 |
_aES-MaACL _jA-13012 _9189977 _bR.149833 _cDEPO1 _dOlim: N-6012 _gDedicatoria autógrafa del autor _hDonación: Fidel Vela |
||
| 903 |
_aVela, Fidel, _d1934- _ednr _9145468 |
||
| 942 |
_2udc _cMONOGRAFIA |
||
| 999 |
_c183044 _d183044 |
||